000 00272nam a22001337a 4500
003 SGT
082 _a617.692
_bG20S
100 _aYADAV, SAPNA
245 _aGERIATRIC DENTISTRY
260 _aSGTU
_c2020
300 _a130
650 _aPROSTHODONTICS
942 _2ddc
_cTH
999 _c21143
_d21143